Хозяйственное право: учебное пособие

Podrobná bibliografie
Další autoři: Чепурной А. Г. (редактор), Эриашвили Н. Д.
Shrnutí:Рассматриваются сущность хозяйственного права, его источники и статус. Раскрываются правовые вопросы образования, реорганизации и ликвидации юридических лиц, а также излагаются правовые нормы по собственности субъектов хозяйственной деятельности и их обязательствам. Дается характеристика отношений предпринимательства в Российской Федерации. Рассматриваются вопросы правового регулирования хозяйственной и маркетинговой деятельности, а также трудовых и хозяйственных споров.
Jazyk:ruština
Vydáno: Москва, ЮНИТИ-ДАНА, 2012
Edice:Dura lex, sed lex
Témata:
Médium: MixedMaterials Kniha
KOHA link:https://koha.lib.tpu.ru/cgi-bin/koha/opac-detail.pl?biblionumber=213532

MARC

LEADER 00000nam0a2200000 4500
001 213532
005 20231101225826.0
010 |a 9785238023014 
035 |a (RuTPU)RU\TPU\book\233336 
035 |a RU\TPU\book\218967 
090 |a 213532 
100 |a 20110915d2012 m y0rusy50 ca 
101 0 |a rus 
102 |a RU 
105 |a y j 001zy 
200 1 |a Хозяйственное право  |e учебное пособие  |f под ред. А. Г. Чепурного, Н. Д. Эриашвили 
210 |a Москва  |c ЮНИТИ-ДАНА  |c Закон и право  |d 2012 
215 |a 383 с. 
225 1 |a Dura lex, sed lex 
320 |a Библиогр.: с. 379-381. 
330 |a Рассматриваются сущность хозяйственного права, его источники и статус. Раскрываются правовые вопросы образования, реорганизации и ликвидации юридических лиц, а также излагаются правовые нормы по собственности субъектов хозяйственной деятельности и их обязательствам. Дается характеристика отношений предпринимательства в Российской Федерации. Рассматриваются вопросы правового регулирования хозяйственной и маркетинговой деятельности, а также трудовых и хозяйственных споров. 
606 1 |a Хозяйственное право  |2 stltpush  |3 (RuTPU)RU\TPU\subj\17446  |9 43085 
610 1 |a право 
610 1 |a гражданское право 
610 1 |a методология 
610 1 |a источники 
610 1 |a правовые основы 
610 1 |a государственное регулирование 
610 1 |a экономические отношения 
610 1 |a экономические нормативы 
610 1 |a правовые нормы 
610 1 |a обязательства 
610 1 |a договоры 
610 1 |a хозяйственные споры 
610 1 |a учебные пособия 
686 |a Х623я73  |v LBC/SL-A  |2 rubbk 
702 1 |a Чепурной  |b А. Г.  |4 340 
702 1 |a Эриашвили  |b Н. Д.  |4 340 
801 1 |a RU  |b 63413507  |c 20120412 
801 2 |a RU  |b 63413507  |c 20150605  |g RCR 
900 |a Правоведение 
942 |c BK 
954 |b 030900 
959 |a 55/20120411  |d 2  |e 400,00  |f ЧЗГЛ:1  |f АНЛ:1